000 00693nam a22001937a 4500
999 _c192109
_d192109
005 20220913120130.0
010 _aUR-11723
020 _a9789394616448
_c150.00
035 _aU-10278
037 _bDBAD/PUB
_a-
082 _a846
100 _aابو الکلام رحمانی
245 _aنامے جو میرے نام آۓ /
_cابو الکلام رحمانی
_hا ر د و
246 _aNaam-E-Jo Mere Naam Aaie (A collection of Letters) /
_bby Abul Kalam Rahmani
260 _aNew Delhi
_bEducational Publishing House
_c2022 ء
270 _aH.O. D1/16, Ansari Road, Darya Ganj
_bNew Delhi
_e110002
300 _a128 ص
_c22cm(pbk)
942 _2ddc
_cUR
_h846
_mا ب و